MARC details
| 000 -CABECERA |
| campo de control de longitud fija |
02493nab a2200277 a 4500 |
| 005 - FECHA Y HORA DE LA ÚLTIMA TRANSACCIÓN |
| campo de control |
20250116063856.0 |
| 008 - ELEMENTOS DE LONGITUD FIJA--INFORMACIÓN GENERAL |
| campo de control de longitud fija |
991125c2016 sp fr p o 000 0 spa d |
| 035 ## - NÚMERO DE CONTROL DEL SISTEMA |
| Número de control de sistema |
UPN01000215093 |
| 040 ## - FUENTE DE LA CATALOGACIÓN |
| Centro catalogador/agencia de origen |
UPN |
| Lengua de catalogación |
spa |
| Centro/agencia transcriptor |
UPN |
| Normas de descripción |
aacr2 |
| 049 ## - COLECCIÓN |
| Colección |
ART-E |
| 100 1# - ASIENTO PRINCIPAL--NOMBRE PERSONAL |
| Nombre de persona |
Valero, Ximo |
| Enlace |
- ximo@auca.es |
| 245 10 - MENCIÓN DE TÍTULO |
| Título |
Auca Projectes Educatius: la gestión de proyectos socioculturales desde la iniciativa empresarial |
| 506 0# - NOTA DE RESTRICCIONES AL ACCESO |
| Limitaciones de acceso |
Acceso abierto |
| 520 3# - NOTA DE RESUMEN, ETC. |
| Sumario, etc. |
AUCA PROJECTES EDUCATIUS es una empresa de actividades educativas y servicios socioculturales fundada en 2003 y que actualmente cuenta con sedes operativas en las provincias de Alicante y Valencia. Durante estos más de 10 años de prestación de servicios, los profesionales de los diferentes equipos de trabajo han gestionado múltiples intervenciones socioeducativas enmarcadas en distintos ámbitos de actuación (social, cultural, educativo, formativo,…) siendo dirigidas a todos los sectores de la población (jóvenes, adultos, niños, 3ª edad, mujer, población inmigrante, colectivos con necesidades educativas especiales,…) con un común denominador: cada vez que se ha planteado la realización de un taller extraescolar, una visita guiada, un curso de formación, un programa de absentismo escolar, la dinamización de un equipamiento sociocultural o cualquier actividad, por pequeña y en apariencia intranscendente que sea, siempre se ha hecho tratando de alcanzar unos niveles óptimos de CALIDAD (técnica, procedimental, responsable, sostenible, pedagógica). Los valores propios de su génesis asociativa (el compromiso, el sentido de la responsabilidad, la coherencia, la capacidad de trabajar en grupo, el entusiasmo, el respeto a la diversidad, la empatía, el talante positivo y emprendedor,…) se han exportado tanto a la planificación de proyectos como al modelo de gestión propio de una empresa y por extensión a los fines últimos planteados como entidad prestadora de servicios en el ámbito de la animación sociocultural |
| 650 #2 - ASIENTO SECUNDARIO DE MATERIA - TERMINO TEMATICO |
| Término de materia o nombre geográfico como elemento de entrada |
Animación sociocultural |
| 9 (RLIN) |
1050 |
| 650 #2 - ASIENTO SECUNDARIO DE MATERIA - TERMINO TEMATICO |
| Término de materia o nombre geográfico como elemento de entrada |
Participación social |
| 9 (RLIN) |
27 |
| 650 #4 - ASIENTO SECUNDARIO DE MATERIA - TERMINO TEMATICO |
| Término de materia o nombre geográfico como elemento de entrada |
Pensamiento crítico |
| 9 (RLIN) |
5620 |
| 650 #4 - ASIENTO SECUNDARIO DE MATERIA - TERMINO TEMATICO |
| Término de materia o nombre geográfico como elemento de entrada |
Educación |
| 9 (RLIN) |
682 |
| 653 0# - TERMINO DE INDIZACION - NO CONTROLADO |
| Término no controlado |
Transformación social |
| 653 0# - TERMINO DE INDIZACION - NO CONTROLADO |
| Término no controlado |
Empresa |
| 773 ## - ENLACE AL DOCUMENTO FUENTE/ENTRADA DE REGISTRO ANFITRIÓN |
| Parte(s) relacionada(s) |
Año 9, no. 20 (2016), p. 18-25 |
| Título |
Hekademos : revista educativa digital |
| Número Internacional Normalizado para Publicaciones Seriadas |
1989-3558 |
| 856 4# - LOCALIZACIÓN Y ACCESO ELECTRÓNICOS |
| Identificador Uniforme del Recurso |
<a href="http://www.hekademos.com/hekademos/media/articulos/20/Hekademos_20.pdf">http://www.hekademos.com/hekademos/media/articulos/20/Hekademos_20.pdf</a> |
| 902 ## - ELEMENTOS DE DATOS B LOCAL, LDB (RLIN) |
| Creó |
Gloria Jiménez/091224 |
| 905 ## - TIPO DE MATERIAL |
| Tipo de material |
Articulo |
| 942 ## - ELEMENTOS DE PUNTO DE ACCESO ADICIONAL (KOHA) |
| Tipo de ítem Koha |
Artículo Electrónico |